Newcastle United Best Scorer By Year - Statistics

General Stats
  • This quiz has been taken 879 times
    384 since last reset
  • The average score is 9 of 34
Answer Stats
Player % Correct
Alan Shearer
98%
Alexander Isak
96%
Callum Wilson
82%
Andy Cole
63%
Demba Ba
61%
Papiss Cissé
58%
Les Ferdinand
50%
Michael Owen
44%
Peter Beardsley
38%
Ayoze Pérez
36%
Jackie Milburn
28%
Jonjo Shelvey
28%
Georginio Wijnaldum
26%
Malcolm MacDonald
25%
Loïc Rémy
24%
Nolberto Solano
24%
Obafemi Martins
23%
Craig Bellamy
21%
Kevin Nolan
19%
John Barnes
16%
Bryan Robson
11%
John Tudor
9%
Len White
8%
Reg Davies
7%
Wyn Davies
7%
Carl Cort
6%
Jorge Robledo
6%
Mirandinha
6%
Micky Burns
5%
Paul Goddard
5%
Bobby Mitchell
3%
Michael O'Neill
3%
Alan Suddick
2%
Vic Keeble
1%
No matching quizzes found
Score Distribution
Percent of People with Each Score
Percentile by Number Answered
Your Score History
You have not taken this quiz since the last reset